El Nilo de los faraones /
Civilización egipcia. Visión religiosa del mundo: su representación en la arquitectura. Otras manifestaciones: Kefrén y Micerino. Menfis, Tebas, Karnak y Luxor. Los ciclos del Nilo. Detalles de templos y bajorrelieves. Etc...
Guardado en:
| Autor Principal: | |
|---|---|
| Formato: | |
| Materias: | |
| Etiquetas: |
Agregar Etiqueta
Sin Etiquetas, Sea el primero en etiquetar este registro!
|
| LEADER | 01056ngm a22002895g 4500 | ||
|---|---|---|---|
| 001 | CEM.cems022053 | ||
| 008 | 130507b1994##################0###0#####d | ||
| 005 | 20241001151146.0 | ||
| 245 | 1 | 0 | |a El Nilo de los faraones / |c Pierre Deparnay. |
| 300 | |a 62'. | ||
| 500 | |a En soporte VHS, consultar en ventanilla. | ||
| 520 | |a Civilización egipcia. Visión religiosa del mundo: su representación en la arquitectura. Otras manifestaciones: Kefrén y Micerino. Menfis, Tebas, Karnak y Luxor. Los ciclos del Nilo. Detalles de templos y bajorrelieves. Etc... | ||
| 538 | |a Soporte: VHS - Norma: Pal N - Color - Grabación DRD 1994 - Hitachi=0000 | ||
| 100 | 1 | |a Deparnay, Pierre | |
| 082 | 9 | 3 | |/ DEP |
| 653 | |a HISTORIA | ||
| 653 | |a EGIPTO | ||
| 653 | |a RELIGION | ||
| 653 | |a CIVILIZACION EGIPCIA | ||
| 653 | |a ARQUITECTURA | ||
| 653 | |a NILO | ||
| 653 | |a FARAONES | ||
| 653 | |a TEMPLOS | ||
| 653 | |a PIRAMIDES | ||
| 653 | |a CULTO DE LOS MUERTOS | ||
| 653 | |a NIVEL SECUNDARIO | ||
| 859 | |a CEMS |b BIB. CEMS - Depto. Recursos Didacticos |h 932 |i DEP |k DRD |p 696.12 |t Ej.1 | ||
